Countries by Meanings Quiz Stats

 Plays Quiz not verified by Sporcle

Challenge
Share
Tweet
Embed
Score 0/30 Timer 06:00
0 Plays Today
Meaning Country % Correct
EquatorEcuador
85.5%
Green CapeCape Verde
76.8%
Country of the TswanaBotswana
73.4%
Northern WayNorway
72.5%
Roman RealmRomania
71.5%
FreeLiberia
67.1%
Rich CoastCosta Rica
65.2%
Land of the Rundi-SpeakersBurundi
60.9%
The SaviorEl Salvador
60.4%
Little VeniceVenezuela
50.7%
Southern LandAustralia
43.5%
Sunday IslandDominica
43.5%
Land of the Red SeaEritrea
43.5%
Land of the MoorsMauritania
42.5%
Lion MountainsSierra Leone
41.5%
Meaning Country % Correct
Light StoneLiechtenstein
22.7%
ShrimpCameroon
17.4%
VillageCanada
17.4%
Little CastleLuxembourg
16.9%
Land of Forty TribesKyrgyzstan
15.5%
The ShallowsBahamas
13.5%
Land of Honest MenBurkina Faso
11.6%
MoonsComoros
11.6%
Fortress Built Near WaterKuwait
10.6%
HippopotamusMali
10.1%
BorderlandsUkraine
9.2%
Island of HyraxesSpain
8.7%
CloakGabon
6.3%
Mountainous LandHaiti
5.3%
ForestGuatemala
4.8%

You're not logged in!

Compare scores with friends on all Sporcle quizzes.
Join for Free
OR
Log In

You Might Also Like...

Show Comments

Extras

Top Quizzes Today


Score Distribution

Your Account Isn't Verified!

In order to create a playlist on Sporcle, you need to verify the email address you used during registration. Go to your Sporcle Settings to finish the process.

Report this User

Report this user for behavior that violates our Community Guidelines.

Details: